000 00995nam a2200277 i 4500
001 91824
003 ES-MaACL
005 20250728062605.0
007 t|
008 050222s2004 sp ||||1| spa d
020 _a84-7476-366-5
080 _a323.39(460)"19"
080 _a94(460)"19"
100 1 _aGenieys, William.
_956318
245 1 3 _aLas élites españolas ante el cambio de régimen político
_b: lógica de Estado y dinámicas centro-periféricas en el siglo XX /
_cWilliam Genieys.
250 _a1ª ed.
260 _aMadrid :
_bCentro de Investigaciones Sociológicas :
_bSiglo XXI de España,
_c2004.
300 _a292 p. ;
_c21 cm.
490 1 _aMonografías ;
_v209
504 _aBibliografía: p. [281]-292.
650 4 _aÉlites-
_zEspaña-
_yS.XX.
_912174
651 4 _aEspaña-
_xHistoria-
_yS.XX.
_9138832
830 0 0 _aMonografías (Centro de Estudios Benaventanos "Ledo del Pozo")
_v209
_9177262
852 _aES-MaACL
_jL-28862
_bR.135211
999 _c91824
_d91824